All Canadian Province/Territory Capitals - Sudden Death - Statistics

General Stats
  • This quiz has been taken 71 times
  • The average score is 7 of 13
Answers on the Grid
Answers color-coded by a green-red scale on the quiz's grid according to % correct below.
Black Lake
Calgary
Chalk River
Charlottetown
Cold Lake
Deep River
Deer Lake
Edmonton
Fredericton
Halifax
Horseshoe Valley
Iqaluit
Labrador City
Little Current
Meadow Lake
Mississauga
Moncton
Montreal
Moose Jaw
Moosonee
Porcupine
Prince Albert
Quebec City
Red Deer
Red Lake
Regina
Saskatoon
Sherbrooke
Spruce Grove
St. John's
Thunder Bay
Tiny Beaches North
Toronto
Vancouver
Victoria
Waterloo
Whitehorse
Windsor
Winnipeg
Yellowknife
 
Answer Stats
Answer % Correct
Edmonton
71%
Halifax
61%
Iqaluit
59%
Quebec City
59%
Yellowknife
59%
St. John's
56%
Charlottetown
54%
Regina
51%
Victoria
51%
Fredericton
49%
Toronto
49%
Whitehorse
49%
Winnipeg
46%
No matching quizzes found
Score Distribution
Percent of People with Each Score
Percentile by Number Answered
Your Score History
You have not taken this quiz